LEADER 04467nam 2200637 450 001 9910464800203321 005 20210423013708.0 010 $a3-03821-145-1 024 7 $a10.1515/9783038211457 035 $a(CKB)3460000000133021 035 $a(EBL)1113318 035 $a(SSID)ssj0001349938 035 $a(PQKBManifestationID)12565621 035 $a(PQKBTitleCode)TC0001349938 035 $a(PQKBWorkID)11286261 035 $a(PQKB)10628329 035 $a(MiAaPQ)EBC1113318 035 $a(DE-B1597)209084 035 $a(OCoLC)1013954516 035 $a(OCoLC)900191320 035 $a(DE-B1597)9783038211457 035 $a(Au-PeEL)EBL1113318 035 $a(CaPaEBR)ebr11006264 035 $a(OCoLC)890070855 035 $a(EXLCZ)993460000000133021 100 $a20140919d2014 uy| 0 101 0 $aeng 135 $aur|nu---|u||u 181 $ctxt 182 $cc 183 $acr 200 10$aFac?ades $eprinciples of construction /$fUlrich Knaack [and three others] 205 $aSecond and revised edition. 210 1$aBoston :$cBirkha?user,$d2014. 215 $a1 online resource (132 p.) 300 $aDescription based upon print version of record. 311 $a3-03821-044-7 320 $aIncludes bibliographical references and index. 327 $tFront matter --$tContents --$tIntroduction --$tFrom Wall to Façade --$tPrinciples of Construction --$tDetailing and Tolerances --$tClimate and energy --$tAdaptive Façades --$tCase Studies --$tA Look Into the Future --$tAuthors --$t129 Selected bibliography --$tIndex 330 $aFassaden bestimmen die Erscheinung eines Gebäudes, sie verkörpern es gleichsam. Somit kommt ihnen in der Architektur große Bedeutung zu. Gleichzeitig nimmt die Gebäudehülle zentrale Aufgaben wahr - Belichtung, Wetterdichtigkeit, thermische Isolation, Lastenabtragung, Schallschutz, um nur die wichtigsten Funktionen zu nennen. Über die letzten 15 Jahre sind Fassaden erheblich komplexer geworden und die Entwicklung hält an: intelligente, klima-aktive Fassaden beispielsweise passen sich durch selbstregelnde Systeme den verschiedenen Licht- und Klimaverhältnissen an, neu entwickelte Materialien und Technologien haben die Funktionalität der Fassade stark erweitert. Dieses Buch zeigt die Prinzipien der Fassade. Zunächst werden die wichtigsten Typen wie Pfosten-Riegel-Fassade, Vorhangfassade, Elementfassade, Doppelfassade vorgestellt, dann werden ihre Anforderungen an Entwurf und Konstruktion verdeutlicht. Zahlreiche, eigens für dieses Buch entstandene Zeichnungen erklären die einzelnen Fassadentypen und zeigen diese dann am gebauten Beispiel. Für die Neuausgabe wurden die Kapitel aktualisiert, sämtliche Beispiele komplett neu erstellt und das neue Kapitel "Zukünftige Fassaden" gibt einen Ausblick. 330 $aIntroduction to building façades as revised editionFaçades determine the appearance of a building. Hence, they constitute a major element in architecture. At the same time, the building's envelope has important functions to fulfil, such as lighting, weatherproofing, thermal insulation, load transfer and sound insulation. Over the past 15 years, façades have become increasingly complex - 'intelligent' facades, for instance, adapt to changing climate and lighting conditions. Newly developed materials and technologies have broadened the scope of façade functions. This book demonstrates the principles of façade construction. It systematically describes the most common types, such as post-and-beam façade, curtain wall, corridor façade or double façade, and provides guidelines for appropriate detailing. Numerous drawings made especially for the book explain the principles of different types of facades, which are then illustrated with built examples. For this second edition, all chapters were revised and all four examples in the case studies chapter were replaced by new material. The new chapter "Future Façades" offers insights into what's next. 606 $aFacades$xDesign and construction 608 $aElectronic books. 615 0$aFacades$xDesign and construction. 676 $a690/.12 700 $aKnaack$b Ulrich$0740630 702 $aAuer$b Thomas, 702 $aBilow$b Marcel, 702 $aKlein$b Tillmann, 801 0$bMiAaPQ 801 1$bMiAaPQ 801 2$bMiAaPQ 906 $aBOOK 912 $a9910464800203321 996 $aFac?ades$92445214 997 $aUNINA LEADER 03442nam 2200637Ia 450 001 9910785759303321 005 20210903230906.0 010 $a90-04-23287-7 024 7 $a10.1163/9789004232877 035 $a(CKB)2670000000240778 035 $a(EBL)1035293 035 $a(OCoLC)812481749 035 $a(SSID)ssj0000715947 035 $a(PQKBManifestationID)11488515 035 $a(PQKBTitleCode)TC0000715947 035 $a(PQKBWorkID)10705422 035 $a(PQKB)10382941 035 $a(SSID)ssj0000757731 035 $a(PQKBManifestationID)11390565 035 $a(PQKBTitleCode)TC0000757731 035 $a(PQKBWorkID)10772166 035 $a(PQKB)10757972 035 $a(MiAaPQ)EBC1035293 035 $a(nllekb)BRILL9789004232877 035 $a(Au-PeEL)EBL1035293 035 $a(CaPaEBR)ebr10608118 035 $a(PPN)170439771 035 $a(EXLCZ)992670000000240778 100 $a20120605d2012 uy 0 101 0 $aeng 135 $aur|n|---||||| 181 $ctxt 182 $cc 183 $acr 200 10$aCrazy for wisdom$b[electronic resource] $ethe making of a mad yogin in fifteenth-century Tibet /$fby Stefan Larsson 210 $aBoston $cBrill$d2012 215 $a1 online resource (374 p.) 225 0 $aBrill's Tibetan studies library ;$vv. 30 300 $aRevision of the author's thesis (doctoral--University of Stockholm, 2009) under the title: Birth of a Heruka : How Sangs rgyas rgyal mtshan became gTsang smyon Heruka : A Study of a Mad Yogin. 311 $a90-04-20393-1 320 $aIncludes bibliographical references and index. 327 $aPreliminary Material -- 1 Introduction -- 2 Sources -- 3 Birth and Childhood -- 4 The Exceptional Monk -- 5 The Birth of a Heruka -- 6 The Mad Yogin -- 7 A Mad Yogin Turns the Wheel of Dharma -- 8 Tsangnyön Heruka and Tantric Buddhism -- 9 Tsangnyön?s Own Works -- 10 Some Key Figures and Texts -- Conclusions -- Epilogue -- Glossary -- Tibetan Spelling Key -- Appendix 1 Tentative Chronology of the Life of Tsangnyön -- Appendix 2 A Summary of the Life of Tsangnyön Heruka -- Bibliography -- Index. 330 $aIn his early twenties, the Tibetan monk Sangyé Gyaltsen (1452?1507) left his monastery to become a wandering tantric yogin. As he moved from place to place, seeking enlightenment beyond the bounds of monasticism, his behavior became increasingly erratic. While some were shocked or even angered by his actions, others were drawn to him. Tsangnyön?s followers described his transgressive behaviors as enlightened action, rooted in authoritative Buddhist scripture. Using biographical sources, Stefan Larsson explores Sangyé Gyaltsen?s transformation into the charismatic ?Madman of Tsang,? Tsangnyön Heruka. Best known today as the author of the Life of Milarepa , Tsangnyön Heruka was one of the most influential mad yogins of Tibet. His biography brings its reader face-to-face with an unexpected aspect of Buddhist practice that flourished in fifteenth-century Tibet. 410 0$aBrill's Tibetan Studies Library$v30. 606 $aBuddhists$xBiography$y15th century 615 0$aBuddhists$xBiography 676 $a294.3/923092 676 $aB 700 $aLarsson$b Stefan$f1968-$01499820 801 0$bMiAaPQ 801 1$bMiAaPQ 801 2$bMiAaPQ 906 $aBOOK 912 $a9910785759303321 996 $aCrazy for wisdom$93726237 997 $aUNINA